Elements of applied stochastic processes

Gorde:
Xehetasun bibliografikoak
Egile Nagusiak: Bhat, U. Narayan (Egilea), Miller, Gregory K (Egilea)
Formatua: Liburua
Hizkuntza:ingelesa
Argitaratua: Hoboken John Wiley and Sons 2002
Edizioa:3a. ed
Saila:Wiley Series in Probability and Statistics
Gaiak:
Etiketak: Etiketa erantsi
Etiketarik gabe, Izan zaitez lehena erregistro honi etiketa jartzen!

MARC

LEADER 00000cam a2200000 a 4500
001 UCF2754
003 CL-VaPUC
008 120910e20020000US |||||||||||||||||eng|d
020 |a 0471414425 
082 0 4 |a 519.2  |b BHA  |2 21 
100 0 |a Bhat, U. Narayan  |e author  |9 564543 
700 0 |a Miller, Gregory K  |e author  |9 564544 
245 1 0 |a Elements of applied stochastic processes 
250 |a 3a. ed 
300 |a 461 p 
942 |c BK 
945 |d 20120910 00:00:00  |a cmena 
260 |a Hoboken  |b John Wiley and Sons  |c 2002 
650 0 |a Procesos estocásticos   |9 260364 
650 0 |a Teoría de probabilidades   |9 336944 
650 0 |a Procesos de Markov  |9 270451 
650 0 |a Cadenas de Markov  |9 350699 
650 0 |a Análisis de series de tiempo   |9 260363 
650 0 |a Inferencia estadística  |9 312855 
583 |a last modification  |c 20120910 11:39:00  |k Rodrigo Vera 
490 0 |a Wiley Series in Probability and Statistics 
999 |c 349293  |d 349291 
952 |0 0  |1 0  |4 0  |6 519_200000000000000_BHA_2002  |7 0  |8 A  |9 451866  |a BIBING  |b BIBING  |d 2019-11-22  |i 4904273  |o 519.2 BHA 2002  |p 4904273  |r 2025-01-20  |w 2019-11-22  |y BK  |k EII